| 000 | 00609cam a2200193 4500 | ||
|---|---|---|---|
| 001 | D15437 | ||
| 008 | 090401t1985 xxu||||| |||| 00| 0 eng d | ||
| 035 | _a(Sirsi) u22822 | ||
| 041 | _aeng | ||
| 050 | _a333.0023 | ||
| 110 |
_aRoyal Institution of Chartered Surveyors _94900 |
||
| 245 | _aGP 85: The future. [Conference] 13-15 June 1985 [at] the Palace Hotel, Buxton | ||
| 260 |
_aLondon _bSurveyors` Technical Services _c1985 |
||
| 350 | _a0 | ||
| 520 | _a12 papers catalogued separately. Filed in box RICS 1985/29 ABC | ||
| 710 |
_aGeneral Practice Division _9752 |
||
| 942 | _n0 | ||
| 948 | _c04/03/1997 | ||
| 999 |
_c88257 _d88257 |
||